<?xml version="1.0" encoding="UTF-8"?>
<record
    xmlns:xsi="http://www.w3.org/2001/XMLSchema-instance"
    xsi:schemaLocation="http://www.loc.gov/MARC21/slim http://www.loc.gov/standards/marcxml/schema/MARC21slim.xsd"
    xmlns="http://www.loc.gov/MARC21/slim">

  <leader>00654nam a22001697a 4500</leader>
  <datafield tag="999" ind1=" " ind2=" ">
    <subfield code="c">64012</subfield>
    <subfield code="d">64012</subfield>
  </datafield>
  <controlfield tag="005">20260309125305.0</controlfield>
  <controlfield tag="008">260309s2023    enk||||| |||| 00| 0 eng d</controlfield>
  <datafield tag="020" ind1=" " ind2=" ">
    <subfield code="a">9780520390119x</subfield>
  </datafield>
  <datafield tag="041" ind1=" " ind2=" ">
    <subfield code="a">eng</subfield>
  </datafield>
  <datafield tag="080" ind1=" " ind2=" ">
    <subfield code="a">338(520) U-16</subfield>
  </datafield>
  <datafield tag="100" ind1=" " ind2=" ">
    <subfield code="a">Uchida, Jun</subfield>
    <subfield code="9">27089</subfield>
  </datafield>
  <datafield tag="245" ind1=" " ind2=" ">
    <subfield code="a">Provincializing Empire:</subfield>
    <subfield code="b">Omi Merchants in the Japanese Transpacific Diaspora /</subfield>
    <subfield code="c"> Jun Uchida.</subfield>
  </datafield>
  <datafield tag="264" ind1=" " ind2=" ">
    <subfield code="a">Oakland :</subfield>
    <subfield code="b">University of California Press,</subfield>
    <subfield code="c">2023.</subfield>
  </datafield>
  <datafield tag="300" ind1=" " ind2=" ">
    <subfield code="a">362 p.:</subfield>
    <subfield code="b">ill.;</subfield>
    <subfield code="c">23 cm.</subfield>
  </datafield>
  <datafield tag="653" ind1=" " ind2=" ">
    <subfield code="a">&#x10D5;&#x10D0;&#x10ED;&#x10E0;&#x10D4;&#x10D1;&#x10D8; &#x10D8;&#x10D0;&#x10DE;&#x10DD;&#x10DC;&#x10D8;&#x10D8;&#x10E1; &#x10E2;&#x10E0;&#x10D0;&#x10DC;&#x10E1;&#x10EC;&#x10E7;&#x10DC;&#x10D0;&#x10E0;&#x10D8; &#x10DD;&#x10D9;&#x10D4;&#x10D0;&#x10DC;&#x10D8;&#x10E1; &#x10D3;&#x10D8;&#x10D0;&#x10E1;&#x10DE;&#x10DD;&#x10E0;&#x10D0;&#x10E8;&#x10D8;</subfield>
  </datafield>
  <datafield tag="942" ind1=" " ind2=" ">
    <subfield code="2">udc</subfield>
    <subfield code="c">&#x1CAC;&#x1C98;&#x1C92;&#x1C9C;&#x1C98;</subfield>
  </datafield>
  <datafield tag="952" ind1=" " ind2=" ">
    <subfield code="0">0</subfield>
    <subfield code="1">0</subfield>
    <subfield code="2">udc</subfield>
    <subfield code="4">0</subfield>
    <subfield code="6">338520_U16</subfield>
    <subfield code="7">0</subfield>
    <subfield code="9">105593</subfield>
    <subfield code="a">CPL</subfield>
    <subfield code="b">CPL</subfield>
    <subfield code="c">GEN</subfield>
    <subfield code="d">2026-03-09</subfield>
    <subfield code="g">17.00</subfield>
    <subfield code="o">338(520) U-16</subfield>
    <subfield code="p">73890</subfield>
    <subfield code="r">2026-03-09</subfield>
    <subfield code="t">73890</subfield>
    <subfield code="u">&#x10D8;&#x10D0;&#x10DE;&#x10DD;&#x10DC;&#x10D8;&#x10D8;&#x10E1; &#x10D4;&#x10DA;&#x10E9;&#x10D8;&#x10E1; &#x10E1;&#x10D0;&#x10E9;&#x10E3;&#x10E5;&#x10D0;&#x10E0;&#x10D8;</subfield>
    <subfield code="w">2026-03-09</subfield>
    <subfield code="y">&#x1CAC;&#x1C98;&#x1C92;&#x1C9C;&#x1C98;</subfield>
    <subfield code="z">17 &#x10DA;.</subfield>
  </datafield>
</record>
